000
00311nam a2200121Ia 4500
008
220204s9999 xx 000 0 und d
082
_a
37(035)
_b
GRU
100
_a
Gruber, Edward C
245
0
_a
Monarch's preparation for the GRE
260
_a
New York
_b
Monarch
_c
1982
700
_a
Gruber, Gary R
942
_c
BK
999
_c
37863
_d
37863